Foundations of computer science / (Record no. 541518)
[ view plain ]
| 000 -LEADER | |
|---|---|
| fixed length control field | 00615fam a2200205 a 4500 |
| 020 ## - INTERNATIONAL STANDARD BOOK NUMBER | |
| International Standard Book Number | 0716782847 |
| 022 ## - INTERNATIONAL STANDARD SERIAL NUMBER | |
| International Standard Serial Number | N-o1 ;P-145 |
| 082 00 - DEWEY DECIMAL CLASSIFICATION NUMBER | |
| Classification number | 004 |
| Author Mark | AHO |
| 100 1# - MAIN ENTRY--PERSONAL NAME | |
| Personal name | Aho, Alfred V. |
| 9 (RLIN) | 36455 |
| 245 10 - TITLE STATEMENT | |
| Title | Foundations of computer science / |
| Statement of responsibility, etc. | Alfred V. Aho, Jeffrey D. Ullman. |
| 250 ## - EDITION STATEMENT | |
| Edition statement | C ed. |
| 260 ## - PUBLICATION, DISTRIBUTION, ETC. | |
| Place of publication, distribution, etc. | New York : |
| Name of publisher, distributor, etc. | Computer Science Press, |
| Date of publication, distribution, etc. | c1995. |
| 300 ## - PHYSICAL DESCRIPTION | |
| Extent | xiii, 786 p. : |
| Other physical details | ill. ; |
| Dimensions | 26 cm. |
| 526 ## - STUDY PROGRAM INFORMATION NOTE | |
| Program name | 0 |
| Interest level | 0 |
| Reading level | 0 |
| Title point value | 004_000000000000000_AHO |
| 526 ## - STUDY PROGRAM INFORMATION NOTE | |
| Program name | 0 |
| Interest level | 0 |
| Reading level | 0 |
| Title point value | 004_000000000000000_AHO |
| 650 #0 - SUBJECT ADDED ENTRY--TOPICAL TERM | |
| Topical term or geographic name entry element | Computer science. |
| 650 #0 - SUBJECT ADDED ENTRY--TOPICAL TERM | |
| Topical term or geographic name entry element | NUST |
| 9 (RLIN) | 6342 |
| 700 1# - ADDED ENTRY--PERSONAL NAME | |
| Personal name | Ullman, Jeffrey D., |
| 9 (RLIN) | 36456 |
| 942 ## - ADDED ENTRY ELEMENTS (KOHA) | |
| Source of classification or shelving scheme | |
| Koha item type | Book |
| Withdrawn status | Lost status | Source of classification or shelving scheme | Damaged status | Not for loan | Permanent Location | Current Location | Date acquired | Total Checkouts | Full call number | Barcode | Date last seen | Price effective from | Koha item type |
|---|---|---|---|---|---|---|---|---|---|---|---|---|---|
| Military College of Engineering (MCE) | Military College of Engineering (MCE) | 08/05/2013 | 004 AHO | MCE-38119 | 08/05/2013 | 08/05/2013 | Book | ||||||
| Military College of Engineering (MCE) | Military College of Engineering (MCE) | 08/05/2013 | 004 AHO | MCE-38118 | 08/05/2013 | 08/05/2013 | Book |
